50 poznatih ličnosti iz Srbije - Statistics

General Stats
  • This quiz has been taken 2 580 times
    1 600 since last reset
  • The average score is 33 of 50
Answer Stats
Opis Ličnost % Correct
Teniser koji je proveo najviše nedelja kao svetski broj 1 u istoriji Novak Đoković
90%
Scensko ime narodne pevačice Svetlane Ražnatović Ceca
88%
Srednjovekovni vitez koji je ubio sultana Murata Miloš Obilić
88%
Autor komedija "Gospođa ministarka" i "Sumnjivo lice" Branislav Nušić
84%
Romanopisac koji je dobio Nobelovu nagradu za književnost 1961. godine Ivo Andrić
83%
Pevačica koja je pobedila na Pesmi Evrovizije 2007. godine Marija Šerifović
83%
Najkorisniji igrač NBA lige 2021, 2022. i 2024. godine i šampion 2023. godine Nikola Jokić
83%
Bosanski Srbin koji je pucao i ubio Franca Ferdinanda Gavrilo Princip
82%
Pesnikinja i autor pesama "Krvava bajka" i "Predosećanje" Desanka Maksimović
81%
Osnivač dinastije Nemanjića i veliki knez Raške Stefan Nemanja
80%
Jedan od najznačajnijih reformatora savremenog srpskog jezika Vuk Stefanović Karadžić
80%
Prvi arhiepiskop autokefalne srpske pravoslavne crkve Sveti Sava
79%
Premijer Srbije na koga je izvršen atentat 2003. godine Zoran Đinđić
79%
Pronalazač savremenog elektroenergetskog sistema Nikola Tesla
78%
Muzičar koji je na Pesmi Evrovizije sa pesmom „Lane moje” osvojio je drugo mesto Željko Joksimović
78%
Srpski revolucionar koji je predvodio Prvi srpski ustanak Karađorđe
77%
Svetska šampionka u skoku u dalj iz 2023. godine Ivana Španović
76%
Predsednik SRJ koji je podneo ostavku 2000, a uhapšen je 2001. godine Slobodan Milošević
73%
Glumac čiji je nadimak bio "Bata" i koji je glumio u više od 340 filmova i TV serija Velimir Bata Živojinović
73%
Naučnik i osnivač Srpskog geografskog društva Jovan Cvijić
72%
Guslar i tvorac srpskih narodnih pesama Filip Višnjić
71%
Dugogodišnji kapiten fudbalske reprezentacije Jugoslavije i selektor Srbije Dragan Stojković
70%
Srpski knez koji je predvodio Srbe u Drugom srpskom ustanku Miloš Obrenović
70%
Vrhovni poglavar Srpske pravoslavne crkve od 1990. do 2009. godine Patrijarh Pavle
70%
Teniserka koja je osvojila Rolan Garos 2008. godine Ana Ivanović
69%
Fizičarka, matematičarka i prva žena Alberta Ajnštajna Mileva Marić
69%
Pisac i autor romana "Seobe" i "Dnevnik o Čarnojeviću" Miloš Crnjanski
68%
Glumac čija je supruga bila srpska glumica Milena Dravić Dragan Nikolić
67%
Pesnik i autor pesama "Pačja škola" i "Ala je lep ovaj svet" Jovan Jovanović Zmaj
67%
Glumac i režiser filma "Montevideo, Bog te video!" Dragan Bjelogrlić
63%
Srednjovekovni knez, koji je stvorio najmoćniju državu na teritoriji nekadašnjeg Srpskog carstva Lazar Hrebeljanović
61%
Kompozitor i najznačajnija ličnost srpskog muzičkog romantizma Stevan Stojanović Mokranjac
61%
Defanzivac koji je igrao za Mančester junajted od 2006. do 2014. godine Nemanja Vidić
59%
Košarkaš koji je igrao za Partizan, LA Lejkerse, Šarlot i Sakramento Vlade Divac
59%
Kantautor poznat kao "Panonski mornar" Đorđe Balašević
58%
Književnik, filozof, lingvista i prvi Ministar prosvete Srbije Dositej Obradović
56%
Pisac i autor romana "Derviš i smrt" Meša Selimović
56%
Klimatolog koji je dao fundamentalni doprinos globalnoj nauci Milutin Milanković
55%
Plivač koji je osvojio srebrnu medalju u trci na 100 m delfin na Olimpijskim igrama 2008. Milorad Čavić
54%
Srpski i jugoslovenski oficir poznat pod nadimkom Čiča Draža Dragoljub Mihailović
53%
Naučnik i jedan od osnivača NASA-e Mihajlo Pupin
48%
Režiser filmova "Podzemlje" i "Dom za vešanje" Emir Kusturica
45%
Premijer Srbije tokom Balkanskih ratova i Prvog svetskog rata Nikola Pašić
45%
Teniserka koja je osvojila 9 grend slem titula u singlu Monika Seleš
44%
Višestruka olimpijska, svetska i evropska prvakinja u streljaštvu Jasna Šekarić
42%
Jedan od najznačajnijih slikara XX veka čija se galerija nalazi u Šidu Sava Šumanović
41%
Dramski pisac i reditelj predstave "Radovan III" i filma "Profesionalac" Dušan Kovačević
36%
Umetnica kojoj je iscrpljivanje tela postala osnovna karakteristika njenog performansa Marina Abramović
36%
Romanopisac i autor "Hazarskog rečnika" Milorad Pavić
33%
Stjuardesa koja je ušla u Ginisovu knjigu rekorda jer je preživela pad sa visine 10.160 metara bez padobrana Vesna Vulović
22%
No matching quizzes found
Score Distribution
Percent of People with Each Score
Percentile by Number Answered
Your Score History
You have not taken this quiz since the last reset